| 000 | 00464nam a2200193Ia 4500 | ||
|---|---|---|---|
| 003 | OSt | ||
| 005 | 20220802154034.0 | ||
| 008 | 210210b1996 xxu||||| |||| 00| 0 eng d | ||
| 040 | _cAL | ||
| 041 | _aeng | ||
| 082 | _a320 RAME | ||
| 100 |
_aRAMAKRISHNA (H T). _954429 |
||
| 245 | _aElements of Government II PUC | ||
| 260 |
_aMysore _bLalitha Prakashana _c1996 |
||
| 300 | _aiv,277 | ||
| 690 |
_aPolitical Theory _954430 |
||
| 906 | _a051011 | ||
| 942 |
_2ddc _cBK |
||
| 999 |
_c99502 _d99502 |
||